LIBRARY & INFORMATION CENTRE, KCAET, TAVANUR

ONLINE PUBLIC ACCESS CATALOGUE (OPAC)

Fundamentals of extension education (Record no. 13684)

MARC details
000 -LEADER
fixed length control field 00319nam a22001337a 4500
020 ## - INTERNATIONAL STANDARD BOOK NUMBER
ISBN 9788183211437
082 ## - DEWEY DECIMAL CLASSIFICATION NUMBER
Classification number 378.1
Item number KHA/FU
100 ## - MAIN ENTRY--AUTHOR NAME
Personal name Khan, P.M
245 ## - TITLE STATEMENT
Title Fundamentals of extension education
260 ## - PUBLICATION, DISTRIBUTION, ETC. (IMPRINT)
Place of publication Udaipur
Name of publisher Agrotech Publishing Academy
Year of publication 2012
300 ## - PHYSICAL DESCRIPTION
Number of Pages 464
700 ## - ADDED ENTRY--PERSONAL NAME
Personal name Somani, L.L
942 ## - ADDED ENTRY ELEMENTS (KOHA)
Koha item type Books
Holdings
Withdrawn status Lost status Damaged status Collection code Home library Current library Shelving location Date acquired Source of acquisition Cost, normal purchase price Full call number Accession Number Koha item type
      Non-fiction KAUAET KAUAET General Stacks 31/03/2012 Penta Book Distributors, Calicut 1600.00 378.1 KHA/FU 23449 Books
      Non-fiction KAUAET KAUAET General Stacks 31/03/2012 Penta Book Distributors, Calicut 1600.00 378.1 KHA/FU 23450 Books
      Non-fiction KAUAET KAUAET General Stacks 31/03/2012 Penta Book Distributors, Calicut 1600.00 378.1 KHA/FU 23451 Books
free website counter